Post-dykes to watch out for /

Salvato in:
Dettagli Bibliografici
Autore principale: Bechdel, Alison (Autore)
Natura: Libro
Lingua:inglese
Pubblicazione: Ithaca : Firebrand Books, c2000
Serie:Lesbian studies ; 9
Tags: Aggiungi Tag
Nessun Tag, puoi essere il primo ad aggiungerne!!

MARC

LEADER 00000nam a22000007i 4500
001 IT\ICCU\UBO\3278155
003 ItRI
005 20260115231835.0
008 070911s2000 xxu|||||| ||||| |||||c
020 |a 1563411229 
020 |a 1563411237 
040 |b ita  |c importazione bologna sebina 
041 7 |a eng  |2 ISO-639-2 
100 1 |a Bechdel, Alison  |0 IT\ICCU\UBOV\162483  |4 aut 
240 1 0 |a Post-dykes to watch out for  |3 IT\ICCU\RL1\0082165 
245 1 0 |a Post-dykes to watch out for /  |c by Alison Bechdel. 
260 |a Ithaca :  |b Firebrand Books,  |c c2000 
300 |a 143 p. :  |b in gran parte ill. ;  |c 15x22 cm. 
830 0 |a Lesbian studies ;  |v 9  |0 IT\ICCU\RL1\0082164 
942 |2 ddc  |c BK  |n 0 
952 |0 0  |1 0  |4 0  |6 F_741_597000000000000_BEC  |7 0  |9 13961  |a BO  |b BO  |d 2026-01-15  |i 11259  |l 0  |o F 741.597 BEC  |p BO11259  |r 2026-01-15 23:18:35  |w 2026-01-15  |x [Sebina 5] [1 v.]  |y BK  |z 1 v. 
999 |c 12021  |d 12021